000 01178cam a2200301 a 4500
999 _c65663
_d65663
001 15350330
003 ARRUPE
005 20170602123322.0
008 080701s2008 ke a b 000 0 eng
010 _a 2008349771
020 _a9966083332
040 _aDLC
_cDLC
_dDLC
042 _alcode
043 _af------
050 0 0 _aJZ5584.A35
_bP42 2008
245 0 0 _aPeace weavers :
_bmethodologies of peace building in Africa /
_ceditor, Elias Omondi Opongo.
260 _aNairobi :
_bPaulines Publications Africa,
_c2008.
300 _a232 p. :
_bill. ;
_c21 cm.
504 _aIncludes bibliographical references.
650 0 _aPeace-building
_zAfrica.
_932111
650 0 _aPeace
_xReligious aspects
_xCatholic Church.
_911697
650 0 _aConflict management
_zAfrica.
_924500
650 0 _aConflict management
_xReligious aspects
_xCatholic Church.
_932112
700 1 _aOpongo, Elias Omondi.
_932102
856 4 1 _3Table of contents only
_uhttp://www.loc.gov/catdir/toc/fy1002/2008349771.html
906 _a7
_bcbc
_corigode
_d3
_encip
_f20
_gy-gencatlg
942 _2lcc
_cMONOGRAPH